Advances in geotechnical engineering : (Record no. 550601)
[ view plain ]
| 000 -LEADER | |
|---|---|
| fixed length control field | 01013cam a22002417a 4500 |
| 020 ## - INTERNATIONAL STANDARD BOOK NUMBER | |
| International Standard Book Number | 0727732641 |
| 020 ## - INTERNATIONAL STANDARD BOOK NUMBER | |
| International Standard Book Number | 9780727732644 |
| 082 04 - DEWEY DECIMAL CLASSIFICATION NUMBER | |
| Classification number | 624 |
| Author Mark | CON |
| -- | N-01, P-90 |
| 245 00 - TITLE STATEMENT | |
| Title | Advances in geotechnical engineering : |
| Remainder of title | the Skempton conference : proceedings of a three day conference on advances in geotechnical engiineering, organised by the Institution of Civil Engineers and held at the Royal Geographical Society, London, UK, on 29-31 March 2004 / |
| Statement of responsibility, etc. | edited by R.J. Jardine, D.M. Potts, K.G. Higgins. |
| 260 ## - PUBLICATION, DISTRIBUTION, ETC. | |
| Place of publication, distribution, etc. | London : |
| Name of publisher, distributor, etc. | Thomas Telford, |
| Date of publication, distribution, etc. | 2004. |
| 300 ## - PHYSICAL DESCRIPTION | |
| Extent | 3 v. : |
| Other physical details | ill., maps ; |
| Dimensions | 24 cm. |
| 505 2# - FORMATTED CONTENTS NOTE | |
| Formatted contents note | v. 3. Supplement. |
| 526 ## - STUDY PROGRAM INFORMATION NOTE | |
| Program name | 0 |
| Interest level | 0 |
| Reading level | 0 |
| Title point value | 624_000000000000000_CON |
| 650 #0 - SUBJECT ADDED ENTRY--TOPICAL TERM | |
| Topical term or geographic name entry element | Geotechnical engineering |
| 650 #0 - SUBJECT ADDED ENTRY--TOPICAL TERM | |
| Topical term or geographic name entry element | NUST |
| 9 (RLIN) | 6342 |
| 650 #0 - SUBJECT ADDED ENTRY--TOPICAL TERM | |
| Topical term or geographic name entry element | Rock mechanics |
| 9 (RLIN) | 23489 |
| 650 #0 - SUBJECT ADDED ENTRY--TOPICAL TERM | |
| Topical term or geographic name entry element | Soil mechanics |
| 700 1# - ADDED ENTRY--PERSONAL NAME | |
| Personal name | Higgins, K. G. |
| 9 (RLIN) | 42379 |
| 700 1# - ADDED ENTRY--PERSONAL NAME | |
| Personal name | Jardine, Richard, |
| 9 (RLIN) | 42380 |
| 700 1# - ADDED ENTRY--PERSONAL NAME | |
| Personal name | Potts, D. M. |
| 9 (RLIN) | 42381 |
| 710 2# - ADDED ENTRY--CORPORATE NAME | |
| Corporate name or jurisdiction name as entry element | Institution of Civil Engineers (Great Britain) |
| 9 (RLIN) | 25323 |
| 942 ## - ADDED ENTRY ELEMENTS (KOHA) | |
| Source of classification or shelving scheme | |
| Koha item type | Book |
| Withdrawn status | Lost status | Source of classification or shelving scheme | Damaged status | Not for loan | Permanent Location | Current Location | Date acquired | Total Checkouts | Full call number | Barcode | Date last seen | Price effective from | Koha item type | Public note |
|---|---|---|---|---|---|---|---|---|---|---|---|---|---|---|
| Military College of Engineering (MCE) | Military College of Engineering (MCE) | 11/17/2014 | 624 CON | MCE-36368 | 11/17/2014 | 03/14/2021 | Book | V-2 |
